| 000 | 01150am a2200361a 44500 | ||
|---|---|---|---|
| 003 | AR-BaBNM | ||
| 005 | 20251128210905.0 | ||
| 008 | 151020s1997 #AR|||||||||||000 | esp|| | ||
| 020 | _a950-550-226-5 | ||
| 040 | _cAR-BaBNM | ||
| 100 | 1 | _aSantiago de Palomo, Julia | |
| 245 | 1 | 0 | _aLa transformación educativa en el nivel inicial |
| 260 |
_aBuenos Aires _bMagisterio del Río de la Plata _c1997 |
||
| 300 |
_a174 p. _btablas |
||
| 490 | 0 | _aRespuestas educativas. Inicial | |
| 500 | _aContiene glosario y CBC para el nivel inicial en anexo | ||
| 504 | _aContiene referencias bibliográficas p. 173-174 | ||
| 650 | 4 | _aDESARROLLO DEL NIÑO | |
| 650 | 4 | _aCURRICULO | |
| 650 | 4 | _aEVALUACION DEL ALUMNO | |
| 651 | 4 | _aArgentina | |
| 653 | _aREFORMA EDUCATIVA | ||
| 653 | _aEDUCACION INICIAL | ||
| 653 | _aCONTENIDOS BASICOS COMUNES | ||
| 653 | _aORGANIZACION CURRICULAR | ||
| 653 | _aESTRATEGIAS DIDACTICAS | ||
| 653 | _aARTICULACION DE NIVELES | ||
| 700 | 1 | _aMartínez de Pérez, Norma | |
| 700 | 1 | _aRepetto de Braga Menéndez, Claudina | |
| 800 | 1 |
_aStarico de Accomo, Mabel N. _edirector |
|
| 942 | _cBK | ||
| 998 | _cRAQUEL | ||
| 999 |
_c17315 _d17315 |
||